Štatistická príručka Slovenska 1948

Na minha lista:
Detalhes bibliográficos
Formato: Livro
Idioma:eslovaco
Publicado em: Bratislava Štátny plánovací a štatistický úrad 1948
Tags: Adicionar Tag
Sem tags, seja o primeiro a adicionar uma tag!

MARC

LEADER 00000nam a2200000 4500
001 c133454
005 20041019155258.2
041 0 |a slo 
044 |a SK 
245 1 0 |a Štatistická príručka Slovenska 1948 
264 1 |a Bratislava  |b Štátny plánovací a štatistický úrad  |c 1948 
300 |a 277 s.